| 000 | 00000nam 22000008a 4500 |
| 001 | 9.840402 |
| 003 | CaOODSP |
| 005 | 20221107151831 |
| 007 | cr ||||||||||| |
| 008 | 170726s2017 onc o f000 0 eng d |
| 020 | |a978-0-660-09178-5 |
| 040 | |aCaOODSP|beng |
| 043 | |an-cn--- |
| 086 | 1 |aA125-28/2017E-PDF |
| 245 | 00|aEco-buffers |h[electronic resource] : |ban alternative agroforestry design. |
| 260 | |a[Ottawa] : |bAgriculture and Agri-Food Canada, |cc2017. |
| 300 | |a[2] p. |
| 500 | |aIssued also in French under title: Les écozones tampons : une solution de rechange agroforestière. |
| 500 | |aCaption title. |
| 692 | 07|2gccst|aEcosystems |
| 710 | 1 |aCanada. |bAgriculture and Agri-Food Canada. |
| 775 | 08|tLes écozones tampons |w(CaOODSP)9.840408 |
| 856 | 40|qPDF|s943 KB|uhttps://publications.gc.ca/collections/collection_2017/aac-aafc/A125-28-2017-eng.pdf |
| 986 | |aAAFC No. 12694E |